The Middle East : a history /

Uloženo v:
Podrobná bibliografie
Hlavní autor: Fisher, Sydney Nettleton, 1906-1987.
Další autoři: Ochsenwald, William.
Médium: Kniha
Jazyk:English
Vydáno: New York : McGraw-Hill, c1997.
Vydání:5th ed.
Témata:
Tagy: Přidat tag
Žádné tagy, Buďte první, kdo otaguje tento záznam!
Thư viện lưu trữ: Mạng thư viện Đại học Đà Nẵng
LEADER 01136cam a22003251a 4500
001 000033613
003 9798
005 20240925165235.0
008 151016s1997 000 eng
020 |a 0070212317 
041 |a eng 
082 0 0 |a 956  |b FI-S 
100 1 |a Fisher, Sydney Nettleton,  |d 1906-1987. 
245 1 4 |a The Middle East :  |b a history /  |c Sydney Nettleton Fisher, William Ochsenwald. 
250 |a 5th ed. 
260 |a New York :  |b McGraw-Hill,  |c c1997. 
300 |a 2 v. :  |b ill., maps ;  |c 24 cm. 
504 |a Includes bibliographical references and index. 
651 0 |a Middle East  |x History. 
651 0 |a Middle East  |x History  |y 20th century. 
700 1 |a Ochsenwald, William. 
OWN |a LNN 
AVA |a UDN50  |b LNN  |c English  |d 956FI-S  |e available  |t Error 5001 Not defined in file expand_doc_bib_avail.  |f 1  |g 0  |h N  |i 0  |j AN  |k 1 
999 |a From the UDN01 
AVA |a UDN50  |b LNN  |c English  |d 956FI-S  |e available  |t Error 5001 Not defined in file expand_doc_bib_avail.  |f 1  |g 0  |h N  |i 0  |j AN  |k 1 
TYP |a Monograph 
980 |a Mạng thư viện Đại học Đà Nẵng